000 01619nam a2200505 i 4500
001 28873
003 KOSZ 005
005 20200615132028.0
008 971016s1989 pl f |000 0 pol
015 _aUWD 1989/3777
020 _a8320409691
035 _a991002904889705066
035 _a(PL-WaBN)b10787665-48omnis_nlop
035 _ab10787665
035 _a(OCoLC)830082593
035 _a(PL)b0000001078766
035 _a(EXLNZ-48OMNIS_NETWORK)9910329482205606
040 _aWA N
_cWA N
_dKOSZ 005/EG
080 _a62/63
080 _a66/69
080 _a51/55
080 _a(03)
245 0 0 _aLeksykon naukowo-techniczny z suplementem.
_n[T. 2],
_pP-Ż /
_c[oprac. przez zespół red. Aniela Topulos et al.].
250 _aWyd. 4 popr.
260 _aWarszawa :
_bWydawnictwa Naukowo-Techniczne,
_c1989.
300 _a[7], 634-1179, 54 s. ;
_c24 cm.
336 _aTekst
_btxt
_2rdacontent
337 _aBez urządzenia pośredniczącego
_bn
_2rdamedia
338 _aWolumin
_bnc
_2rdacarrier
380 _aKsiążki
388 _a1901-2000
388 _a1945-1989
650 7 _aNauki przyrodnicze
_2DBN
650 7 _aTechnika
_2DBN
655 7 _aEncyklopedia
_2DBN
658 _aInżynieria i technika
658 _aMatematyka
658 _aOchrona środowiska
658 _aFizyka i astronomia
700 1 _aTopulos, Aniela
_eRedakcja
710 2 _aWydawnictwa Naukowo-Techniczne
_4pbl
856 _uhttp://koha.tu.koszalin.pl/cgi-bin/koha/opac-detail.pl?biblionumber=28873
_yKatalog online BPK
942 _2UKD
_cKS
999 _c28873
_d28873